000 00348nam a2200145Ia 4500
008 240624s9999 xx 000 0 und d
041 _aeng
082 _a658.5 SLA
100 _aSLACK NIGEL
245 _aOPERATIONS MANAGEMENT
250 _a(8th ed.)
260 _c2016
_aNew Delhi
_bPearson
300 _axxv, 728 p.; 23 cm.
365 _cBPS
_b28
999 _c29731
_d29731